Statistics for Top 12 Cleveland Cavaliers Players

Click here to take the quiz!

General Stats

  • This quiz has been taken 59 times
    (43 since last reset)
  • The average score is 7 of 12

Answer Stats

Rank Player Win Share % Correct
1LeBron James154.1
100%
9Kyrie Irving40.4
95%
11Kevin Love35.0
92%
2Mark Price65.4
74%
8Tristan Thompson43.1
67%
6Larry Nance56.0
59%
3Brad Daugherty65.2
56%
4Zydrunas Ilgauskas63.4
54%
5Hot Rod Williams58.3
44%
7Anderson Varejao45.7
23%
12Austin Carr33.3
23%
10Terrell Brandon36.9
15%

Score Distribution

Percentile by Number Answered

Percent of People with Each Score

Your Score History

You have not taken this quiz since the last reset